| 000 | 02039cam a22003254a 4500 | ||
|---|---|---|---|
| 999 |
_c9397 _d9397 |
||
| 001 | 14276186 | ||
| 003 | GBCCL | ||
| 005 | 20241126110711.0 | ||
| 008 | 060224s2006 miu b 001 0 eng | ||
| 010 | _a 2006006711 | ||
| 020 | _a0802825133 (cloth : alk. paper) | ||
| 020 | _a9780802825131 | ||
| 035 | _a(OCoLC)ocm64510410 | ||
| 040 |
_aDLC _cDLC _dBAKER _dC#P _dCVN _dOCLCQ _dDLC |
||
| 042 | _apcc | ||
| 050 | 0 | 0 |
_aBS2735.53 _b.T69 2006 |
| 082 | 0 | 0 |
_a225.77 _a227.83077 _222 _bNEW |
| 100 | 1 |
_aTowner, Philip H., _d1953- _916371 |
|
| 245 | 1 | 4 |
_aThe letters to Timothy and Titus / _cPhilip H. Towner. |
| 260 |
_aGrand Rapids, Mich. : _bWilliam B. Eerdmans Pub. Co., _c2006. |
||
| 300 |
_axlviii, 886 p. ; _c25 cm. |
||
| 440 | 4 |
_aThe new international commentary on the New Testament _99874 |
|
| 504 | _aIncludes bibliographical references and indexes. | ||
| 520 | _aThe most accessible, most broadly pitched full-length commentary on Timothy and Titus, this NICNT volume explores Paul's three letters to Timothy and Titus within their historical, religious, and cultural settings. In his introduction, Towner sets out the rationale for his historical approach, questions certain assumptions of recent critical scholarship, and establishes the uniqueness and individuality of each letter. Significantly, Towner's work displays unprecedented interaction with four recent major commentaries on these Pauline letters. Centered on an outstanding translation of the Greek text and including thorough footnotes, bibliographical citations, and indexes, Towner's commentary on Timothy and Titus is sure to become a standard reference for busy pastors, students, and scholars. | ||
| 630 | 0 | 0 |
_aBible. _pPastoral Epistles _vCommentaries. _916123 |
| 856 | 4 | 1 |
_3Table of contents _uhttp://www.loc.gov/catdir/toc/ecip069/2006006711.html |
| 906 |
_a7 _bcbc _corignew _d1 _eecip _f20 _gy-gencatlg |
||
| 942 |
_2ddc _cREF |
||